000
00488nam a2200181Ia 4500
008
100917s9999 xx 000 0 und d
082
_b
37986
100
_a
जेम्स हॅडले चेस
245
_a
मॅलरी
260
_b
मनोरंजन प्रकाशन
_c
1974
300
_a
262
365
_b
12
520
_a
कादंबरी
630
_a
मॅलरी
650
_a
कादंबरी
730
_a
मॅलरी
942
_c
BOOK
999
_c
643380
_d
643377